000 01267nam a2200325 i 4500
003 EG-GICUC
005 20260211184644.0
008 260211s2002 ua ||||fr|||| 001 0 ara d
017 _a9810318
020 _a9775225957
040 _a EG-GICUC
_bara
_c EG-GICUC
_d EG-GICUC
_erda
041 _aara
082 0 4 _a343.431
_bم ح . ض
_221
092 0 4 _221
099 _aLaw1 10 343.431 م ح . ض 2002 1006249
100 0 _aمحمد عبد الواحد الجميلي.
_eمؤلف.
245 1 0 _aضحايا الإرهاب بين أنظمة المسئولية والأنظمة التعويضية /
_cدكتور محمد عبد الواحد الجميلي.
264 1 _aالقاهرة :
_bدار النهضة العربية،
_c2002.
300 _a211 صفحة ؛
_c24 سم.
_bإيضاحيات، صور، مثيليات ؛
336 _2rda content
_atext
337 _2rda media
_aComputer
338 _2rda carrier
_aOnline Resource
504 _aيشتمل على ارجاعات ببليوجرافية.
546 _aالنص باللغة العربية
650 1 _aالتشريع الخاص بالإرهاب.
_2qrmak
651 1 _2qrmak
856 4 0 _uhttps://fll.law.cu.edu.eg/fulltext/bks/B10-06249.pdf
905 _a18
942 _2ddc
_n0
_cBK
_e21
999 _c62680
_d62680